| 000 | 00642nam a22001577a 4500 | ||
|---|---|---|---|
| 008 | 160528b xxu||||| |||| 00| 0 eng d | ||
| 082 |
_22013 _aUT 0650 _bJ17 |
||
| 100 |
_99624 _aJadraque, Angel Lee R. |
||
| 245 |
_aThe competitive advantage and customer satisfaction of multi-purpose cooperativesin Digos City/ _cAngel Lee R. Jadraque, Kristine Q. Navarro and gina A. Mendez. |
||
| 260 |
_aDigos City: _bUMDC _cDecember 2013. |
||
| 300 |
_a52 pages; _c29 cm. |
||
| 650 | 0 |
_99623 _aBusiness Administration _vMarketing Management _xUndergraduate thesis. |
|
| 700 |
_99621 _aNavarro, Kristine Q. |
||
| 700 |
_99622 _aMendez, Gina A. |
||
| 942 |
_2ddc _cUT |
||
| 999 |
_c2895 _d2895 |
||